Flags of Countries With Multiple Words - Sudden Death - Statistics

General Stats
  • This quiz has been taken 1,182 times
  • The average score is 13 of 18
Answers on the Grid
Answers color-coded by a green-red scale on the quiz's grid according to % correct below.
 
Answer Stats
Answer % Correct
89%
81%
81%
80%
78%
72%
72%
70%
69%
68%
67%
67%
66%
65%
61%
61%
57%
56%
No matching quizzes found
Score Distribution
Percent of People with Each Score
Percentile by Number Answered
Your Score History
You have not taken this quiz